[Event "St Petersburg Korchnoi Memorial op"]
[Site "St Petersburg"]
[Date "2019.08.22"]
[Round "9"]
[White "Borodin, Georgy"]
[Black "Shmidt, Kseniya"]
[Result "1/2-1/2"]
[WhiteElo "1770"]
[BlackElo "1476"]
[PlyCount "43"]
[EventDate "2019.08.14"]
[EventType "swiss"]
[EventRounds "9"]
[EventCountry "RUS"]
[SourceTitle "CBM 192"]
[Source "ChessBase"]
[SourceDate "2019.10.31"]
[SourceVersion "1"]
[SourceVersionDate "2019.10.31"]
[SourceQuality "1"]

1. e4 e5 2. Nf3 Nf6 3. Nxe5 d6 4. Nf3 Nxe4 5. Nc3 Nxc3 6. dxc3 Be7 7. Be3 Nc6 8. Qd2 Bf5 9. 0-0-0 Qd7 10. Bc4 Be6 11. Bxe6 Qxe6 12. Kb1 0-0-0 13. Rhe1 Qg6 14. Qd5 Rhe8 15. Nd4 Ne5 16. f4 Ng4 17. Nc6 Nxe3 18. Rxe3 bxc6 19. Qxc6 f5 20. Qa6+ Kd7 21. Qb5+ Kc8 22. Qa6+ 1/2-1/2

[Event "St Petersburg Korchnoi Memorial op"]
[Site "St Petersburg"]
[Date "2018.08.22"]
[Round "8"]
[White "Kozyakov, Andrey"]
[Black "Borodin, Georgy"]
[Result "0-1"]
[WhiteElo "1733"]
[BlackElo "1817"]
[PlyCount "68"]
[EventDate "2018.08.15"]
[EventType "swiss"]
[EventRounds "9"]
[EventCountry "RUS"]
[SourceTitle "CBM 186 Extra"]
[Source "ChessBase"]
[SourceDate "2018.08.24"]
[SourceVersion "1"]
[SourceVersionDate "2018.08.24"]
[SourceQuality "1"]

1. e4 e5 2. Nf3 Nc6 3. Bc4 Nf6 4. d3 Bc5 5. 0-0 d6 6. c3 0-0 7. a4 a6 8. b4 Ba7 9. Be3 Be6 10. Bxa7 Bxc4 11. Be3 Be6 12. Ng5 Bd7 13. h3 h6 14. Nf3 Ne7 15. Nh2 Ng6 16. c4 c6 17. Nc3 Be6 18. f4 exf4 19. Bxf4 Nxf4 20. Rxf4 Qb6+ 21. Kh1 Qxb4 22. Ne2 Qb6 23. Rb1 Qc7 24. Nd4 d5 25. Rxf6 gxf6 26. Qh5 Qe5 27. Nf5 Bxf5 28. exf5 Qf4 29. h4 Rae8 30. Ng4 Kg7 31. Kg1 dxc4 32. Rf1 Qd4+ 33. Kh1 Rh8 34. Rf3 cxd3 0-1

[Event "St Petersburg Summer op"]
[Site "St Petersburg"]
[Date "2017.08.19"]
[Round "4"]
[White "Yaroslavtsev, Artem"]
[Black "Borodin, Georgy"]
[Result "1-0"]
[WhiteElo "2006"]
[BlackElo "1779"]
[PlyCount "47"]
[EventDate "2017.08.16"]
[EventType "swiss"]
[EventRounds "9"]
[EventCountry "RUS"]
[SourceTitle "CBM 180 Extra"]
[Source "ChessBase"]
[SourceDate "2017.10.06"]
[SourceVersion "1"]
[SourceVersionDate "2017.10.06"]
[SourceQuality "1"]

1. e4 e5 2. Nf3 Nc6 3. Bb5 a6 4. Ba4 Nf6 5. 0-0 b5 6. Bb3 Be7 7. d3 0-0 8. Nc3 d6 9. a3 Bg4 10. Be3 Qd7 11. Nd5 Rad8 12. Nxf6+ Bxf6 13. h3 Be6 14. c3 d5 15. Qc2 Qe7 16. exd5 Bxd5 17. Bxd5 Rxd5 18. c4 bxc4 19. dxc4 Rd7 20. Qa4 Nd4 21. Bxd4 exd4 22. Qxa6 Qe2 23. Qb5 Rfd8 24. Rfe1 1-0

[Event "St Petersburg Summer op"]
[Site "St Petersburg"]
[Date "2017.08.18"]
[Round "3"]
[White "Borodin, Georgy"]
[Black "Shoboev, Dandar"]
[Result "0-1"]
[WhiteElo "1779"]
[BlackElo "2108"]
[PlyCount "100"]
[EventDate "2017.08.16"]
[EventType "swiss"]
[EventRounds "9"]
[EventCountry "RUS"]
[SourceTitle "CBM 180 Extra"]
[Source "ChessBase"]
[SourceDate "2017.10.06"]
[SourceVersion "1"]
[SourceVersionDate "2017.10.06"]
[SourceQuality "1"]

1. e4 c5 2. Nf3 e6 3. d4 cxd4 4. Nxd4 Nc6 5. c4 d6 6. Nc3 Nf6 7. Nf3 a6 8. Bd3 Be7 9. 0-0 0-0 10. b3 Nd7 11. Bb2 Nc5 12. Rc1 Bf6 13. Bb1 Qe7 14. Qe2 Bxc3 15. Bxc3 e5 16. h3 Ne6 17. Bd2 Qf6 18. Rfd1 Rd8 19. Be3 g5 20. Rd2 Nf4 21. Bxf4 Qxf4 22. Rcd1 g4 23. hxg4 Bxg4 24. Qe3 Qf6 25. Rc1 Bxf3 26. Qxf3 Qxf3 27. gxf3 Nd4 28. Rc3 f6 29. f4 Kf7 30. Kf1 Rg8 31. Rg3 Rg6 32. Rdd3 Rag8 33. Rxg6 hxg6 34. fxe5 dxe5 35. Rh3 Kg7 36. Bd3 Ne6 37. Bc2 Nf4 38. Rc3 Rh8 39. Ke1 Rh1+ 40. Kd2 Rf1 41. Rf3 g5 42. Bd3 Ra1 43. a4 Kf7 44. Kc3 Ke7 45. c5 Kd7 46. Kb4 Rd1 47. Bc4 Rd4 48. Ka5 Kc7 49. Bd5 Rd3 50. Rxd3 Nxd3 0-1

[Event "St Petersburg Summer op"]
[Site "St Petersburg"]
[Date "2017.08.17"]
[Round "2"]
[White "Kirszenberg, Marc"]
[Black "Borodin, Georgy"]
[Result "1/2-1/2"]
[WhiteElo "2204"]
[BlackElo "1779"]
[PlyCount "40"]
[EventDate "2017.08.16"]
[EventType "swiss"]
[EventRounds "9"]
[EventCountry "RUS"]
[SourceTitle "CBM 180 Extra"]
[Source "ChessBase"]
[SourceDate "2017.10.06"]
[SourceVersion "1"]
[SourceVersionDate "2017.10.06"]
[SourceQuality "1"]

1. d4 Nf6 2. c4 e6 3. Nc3 Bb4 4. f3 d5 5. a3 Bxc3+ 6. bxc3 c5 7. cxd5 Nxd5 8. dxc5 f5 9. c4 Qf6 10. Bg5 Qxg5 11. cxd5 0-0 12. dxe6 Bxe6 13. Qc1 f4 14. g3 Nd7 15. Bh3 Nxc5 16. Bxe6+ Nxe6 17. Nh3 Qh6 18. Nf2 Qg5 19. Nh3 Qh6 20. Nf2 Qg5 1/2-1/2

[Event "St Petersburg Summer op"]
[Site "St Petersburg"]
[Date "2017.08.16"]
[Round "1"]
[White "Borodin, Georgy"]
[Black "Shimelkov, Vasiliy"]
[Result "1/2-1/2"]
[WhiteElo "1779"]
[BlackElo "2221"]
[PlyCount "54"]
[EventDate "2017.08.16"]
[EventType "swiss"]
[EventRounds "9"]
[EventCountry "RUS"]
[SourceTitle "CBM 180 Extra"]
[Source "ChessBase"]
[SourceDate "2017.10.06"]
[SourceVersion "1"]
[SourceVersionDate "2017.10.06"]
[SourceQuality "1"]

1. e4 c5 2. Nf3 Nc6 3. Bb5 e6 4. Bxc6 bxc6 5. 0-0 d5 6. e5 c4 7. b3 Ba6 8. Re1 Bc5 9. Ba3 Bxa3 10. Nxa3 Qa5 11. Qc1 Ne7 12. bxc4 dxc4 13. c3 Nd5 14. Re4 Nb6 15. Nc2 c5 16. Ne3 0-0-0 17. a4 Rd7 18. Rg4 g6 19. Ng5 Rhd8 20. Rf4 Rxd2 21. Nxf7 R8d3 22. Nd6+ Kc7 23. Rf7+ Kb8 24. Rf8+ Kc7 25. Rf7+ Kb8 26. Rf8+ Kc7 27. Rf7+ Kb8 1/2-1/2